000 00954nam a22002657a 4500
001 9533
003 FISKH
005 20260120100948.0
008 260120b cb ||||| |||| 00| 0 eng d
020 _a9781742818887
040 _aFISKH
_beng
_cFISKH
_dFISKH
050 _aPZ7
082 _a813
100 _aAnonymous
_eAuthor
245 _aLittle baby bear's big adventure /
260 _aHeatherton Victoria :
_bHinkler Books Pty Ltd ,
_c2017
300 _a8 unnumbered pages :
_bcolor illustrations ;
_c15 cm
505 _aC
520 _aCherish your little ones with these sweet stories featuring darling characters who view the world all around them with wonder. Perfect for rock-a-bye storytime or tuck-me-in time, these books will remind you just how amazing young minds are.
521 8 _a100
_bLexile estimate
521 8 _aC
_bRaz-Plus
650 _aCut through board book
_vSweet stories
942 _2ddc
_cBK
_n0
999 _c9533
_d9533